|
|
|
|
| LEADER |
00000ny a22000003n 4500 |
| 005 |
20110510101643.0 |
| 008 |
030429c20uu9999lu dr p| | i0|aua0ger d |
| 035 |
|
|
|a 1550
|
| 040 |
|
|
|a BUS
|d vlex
|
| 080 |
|
|
|a 341.176(4)(094.4)(05)
|
| 090 |
|
|
|c 1488
|d 1488
|
| 245 |
3 |
0 |
|a Amtsblatt der Europĩschen Union
|h [Recurso electrn̤ico]
|
| 256 |
|
|
|a Servicio en ln̕ea
|
| 260 |
|
|
|a Luxemburgo :
|b Oficina de Publicaciones Oficiales de las Comunidades Europeas
|
| 310 |
|
|
|a Diaria
|
| 500 |
|
|
|a Serie L (Legislacin̤)
|
| 650 |
0 |
4 |
|a Derecho
|z Pas̕es de la Unin̤ Europea
|x Legislacin̤
|x Publicaciones perid̤icas
|
| 650 |
0 |
4 |
|a Publicaciones oficiales
|z Pas̕es de la Unin̤ Europea
|x Publicaciones perid̤icas
|
| 651 |
|
4 |
|a Pas̕es de la Unin̤ Europea
|x Polt̕ica y gobierno
|x Publicaciones perid̤icas
|
| 740 |
0 |
|
|a vLex Revista (Servicios en ln̕ea)
|
| 843 |
|
|
|a Electrn̤ica. Abierta
|
| 853 |
|
|
|8 1
|i (year)
|j (month)
|k (day)
|
| 856 |
4 |
0 |
|z Acceso restringido
|u http://vlex.com/source/1550
|
| 942 |
|
|
|c REV
|